| Поле | Инд. | ПП | Название | Значение |
|---|---|---|---|---|
| Тип записи | a | |||
| Библиографический уровень | m | |||
| 001 | Контрольный номер | UNIDUBNA9d4b8a752a334ae7a440bd2ba0277294 | ||
| 005 | Дата корректировки | 20260330094521.6 | ||
| 008 | Кодируемые данные | 20160127 | ||
| 020 | a | ISBN | 9785534008982 | |
| 084 | a | Индекс другой классификации/Индекс ББК | 65.291.6-21я73; 65.24я73; 60.8я73 | |
| 100 | 1_ | a | Автор | Спивак В. А. |
| q | Полное имя | Спивак Владимир Александрович | ||
| 245 | 10 | a | Заглавие | Лидерство |
| b | Продолж. заглавия | практикум: учебное пособие для вузов | ||
| c | Ответственность | рецензенты С. Ю. Трапицын, И. М. Алиев | ||
| 260 | a | Место издания | Москва | |
| b | Издательство | Юрайт | ||
| c | Дата издания | 2024 | ||
| 300 | a | Объем | 361 с. | |
| 336 | a | Термин вида содержания | Текст | |
| 337 | a | Термин типа средства | электронный | |
| 440 | _0 | a | Серия | Высшее образование |
| 504 | a | Библиография | Лит.: с. 359 | |
| 521 | 0_ | a | Примеч. о целев. назн. | бакалавриат |
| 650 | 04 | a | Основная рубрика | персонал предприятия |
| a | Основная рубрика | экономика | ||
| a | Основная рубрика | экономика труда | ||
| 653 | 0_ | a | Ключевые слова | должностные обязанности |
| a | Ключевые слова | имидж руководителя | ||
| a | Ключевые слова | коммуникации | ||
| a | Ключевые слова | креативный потенциал | ||
| a | Ключевые слова | лидер-идеал | ||
| a | Ключевые слова | лидерство | ||
| a | Ключевые слова | лидеры | ||
| a | Ключевые слова | менеджеры | ||
| a | Ключевые слова | менеджмент взаимоотношений | ||
| a | Ключевые слова | методы измерения | ||
| a | Ключевые слова | мотивация | ||
| a | Ключевые слова | организаторские способности | ||
| a | Ключевые слова | организационная культура | ||
| a | Ключевые слова | оценка лидерских качеств | ||
| a | Ключевые слова | профессионализм | ||
| a | Ключевые слова | профессиональная карьера | ||
| a | Ключевые слова | руководители | ||
| a | Ключевые слова | руководство | ||
| a | Ключевые слова | стиль руководства | ||
| a | Ключевые слова | трудовой коллектив | ||
| a | Ключевые слова | трудовой потенциал | ||
| a | Ключевые слова | ценностная ориентация | ||
| a | Ключевые слова | эмоциональный интеллект | ||
| 655 | a | Жанр/ форма (устаревшее) | учебное пособие | |
| 700 | 12 | a | Автор | Трапицын С. Ю. |
| e | Роль лиц | рецензент | ||
| 700 | 12 | a | Автор | Алиев И. М. |
| e | Роль лиц | рецензент | ||
| 856 | 40 | a | Имя сервера/домена | ЭБС ЮРАЙТ |
| d | Путь | https://urait.ru | ||
| i | Указания/сценарий входа | Доступ по логину и паролю | ||
| u | URL | https://urait.ru/bcode/536470 | ||
| v | Время доступа к ресурсу | 25.03.2027 | ||
| y | Справочный текст | Электронная версия | ||
| 900 | a | Имя электронного ресурса | obl_Spivak_Liderstvo_Praktikum | |
| x | Справочная информация | Обложка | ||
| 901 | t | Тип документа | 0 | |
| 952 | a | Тип литературы для КСУ ВШ | УИ | |
| a | Тип литературы для КСУ ВШ | ПРА |